|
|
|
|
| LEADER |
00000ny a22000003n 4500 |
| 005 |
20110620133413.0 |
| 008 |
071205s2003 sp 000 0 spa d |
| 020 |
|
|
|a 9788481558036
|
| 035 |
|
|
|a 143
|
| 040 |
|
|
|a UCN
|d vLex
|
| 090 |
|
|
|c 877
|d 877
|
| 100 |
1 |
|
|a Ahumada Ramos, Francisco Javier de
|
| 245 |
1 |
0 |
|a Materiales para el estudio del Derecho econm̤ico-administrativo
|h [Recurso electrn̤ico]
|c Francisco Javier de Ahumada Ramos
|
| 256 |
|
|
|a Servicio en ln̕ea
|
| 260 |
|
|
|a [Madrid] :
|b Dykinson,
|c 2003.
|
| 300 |
|
|
|a p. ;
|c cm
|
| 506 |
1 |
|
|a Contenido solo disponible en los productos indicados
|d vLex Global
|d vLex Global (Academic Edition, excluding Law Schools)
|d vLex Global (U.S. Academic Edition, Law Schools)
|d vLex Global (U.S. Academic Edition, excluding Law Schools)
|d vLex Global (Academic Edition, Law Schools)
|
| 650 |
0 |
7 |
|a Administrativo
|2 Tesauro vLex
|
| 650 |
0 |
7 |
|a Actividad administrativa
|2 Tesauro vLex
|
| 650 |
0 |
7 |
|a Acto administrativo
|2 Tesauro vLex
|
| 650 |
0 |
7 |
|a Procedimiento econm̤ico administrativo
|2 Tesauro vLex
|
| 740 |
0 |
|
|a vLex Libros (Servicios en ln̕ea)
|
| 856 |
4 |
0 |
|u http://vlex.com/source/143
|z Acceso restringido
|
| 942 |
|
|
|c BOOK
|
| 999 |
0 |
|
|a Administrative acts
|b Madrid
|